000 00332nam a22001457a 4500
003 OSt
005 20160727222350.0
008 160622b xxu||||| |||| 00| 0 eng d
040 _cTEST
100 _9382
_aRackham, A,
245 _aMother Goose
260 _aLON
_bWords Worth Editions Ltd.
300 _aMother Goose
942 _2ddc
_cBK
999 _c310
_d310